Gruntys Game Quiz 10 - Winter Special - Statistiken

Allgemein
  • Dieses Quiz wurde 26 mal gespielt
  • Das Durchschnittsergebnis liegt bei 14 aus 24
Antwortstatistiken
Hint Antwort % Korrekt
Kirby Return to Dreamland
91%
God of War Ragnarök
86%
Lego Racers
82%
Mario Party 5
82%
Yoshis Safari
82%
Ice Climbers
73%
Astro Bot
68%
New Super Mario Bros U
64%
Pikmin 2
64%
Pokémon Kristall
59%
Astros Playroom
55%
Beat Saber
55%
Celeste
55%
Horizon Call of the Mountain
55%
New Super Mario Bros 2
55%
New Super Mario Bros Wii
55%
Pokémon Scarlet/Violet
50%
Frostpunk
45%
Oxygen Not Included
45%
Endless Ocean Luminous
41%
Mario & Luigi Superstar Saga
32%
Sonic Mania
27%
Subnautica: Below Zero
23%
Yooka Laylee
23%
Keine übereinstimmenden Quizze gefunden
Verteilung der Resultate
Anzahl Personen mit jedem Resultat
Perzentil nach korrekt beantworteten Fragen
Ihre Resultats-Entwicklung
Sie haben dieses Quiz noch nicht gespielt